000 01003nam a22003257a 4500
003 CHAP
005 20220412115516.0
008 971013s1991 r 00010 d
010 _a5575
011 _a6547
035 _a5767
040 _cCHAP
090 _aTesis
100 0 0 _aLópez Castillo, José Humberto.
_967761
245 _aManejo de suelos de la serie AK'Alché (Vertisoles) para el cultivo de maíz (Zea mays L.) en el estado de Yucatán
260 _aChapingo, Méx. :
_bEl Autor,
_c1991
300 _a61 h.
500 _a58-114
502 _aTesis (Ing. Agr. Esp. en Fitotecnia) -- UACH. Departamento de Fitotecnia
590 _aALEPH
_b10
_c20130110
590 _aBATCH-UPD
_b10
_c20130110
590 _aBATCH-UPD
_b10
_c20130410
590 _aBATCH-UPD
_b10
_c20130914
590 _aCONVERSION
_b10
_c20130109
650 1 4 _aMaíz
_xYucatán.
_971086
650 1 4 _aVertisoles.
_9118971
901 _aBK
942 _cTESIS
_2ddc
949 _bBC
_cTES
_d-15362
_eTS1
_h24793
_i5767
_si
999 _c5575
_d5575